| Art - Painting/Sculpture | 0 | 6 | 2 | 0 | 50 | 65 | 97.50 | 0 | 4 | 0.00 | 0.00 |
| Mythology - Greco/Roman | 0 | 5 | 0 | 2 | 50 | 46 | 97.00 | 2 | 2 | 0.00 | 0.00 |
| Literature - European long fiction | 0 | 4 | 0 | 0 | 40 | 68 | 89.00 | 0 | 2 | 0.00 | 0.00 |
| Literature - American drama | 0 | 4 | 0 | 1 | 40 | 81 | 104.25 | 0 | 0 | 0.00 | 0.00 |
| Literature - American long fiction | 0 | 3 | 0 | 0 | 30 | 66 | 77.67 | 1 | 2 | 0.00 | 0.00 |
| Science - Other | 0 | 3 | 0 | 0 | 30 | 59 | 97.33 | 0 | 2 | 0.00 | 0.00 |
| Literature - World/Misc poetry | 0 | 3 | 0 | 0 | 30 | 87 | 97.67 | 0 | 0 | 0.00 | 0.00 |
| Literature - World/Misc long fiction | 0 | 3 | 0 | 0 | 30 | 38 | 56.00 | 1 | 2 | 0.00 | 0.00 |
| Literature - World/Misc drama | 0 | 3 | 0 | 1 | 30 | 90 | 111.67 | 0 | 0 | 0.00 | 0.00 |
| Literature - European poetry | 0 | 3 | 0 | 0 | 30 | 52 | 94.00 | 0 | 1 | 0.00 | 0.00 |
| Art - Music/Opera | 0 | 2 | 0 | 1 | 20 | 130 | 135.50 | 0 | 0 | 0.00 | 0.00 |
| Literature - American any | 0 | 2 | 0 | 0 | 20 | 66 | 94.00 | 0 | 1 | 0.00 | 0.00 |
| Literature - American poetry | 0 | 2 | 0 | 0 | 20 | 54 | 86.50 | 0 | 1 | 0.00 | 0.00 |
| Literature - British any | 0 | 2 | 0 | 0 | 20 | 90 | 95.50 | 0 | 0 | 0.00 | 0.00 |
| Literature - British long fiction | 0 | 2 | 0 | 1 | 20 | 62 | 102.00 | 0 | 1 | 0.00 | 0.00 |
| Literature - British poetry | 0 | 2 | 0 | 1 | 20 | 88 | 116.50 | 0 | 0 | 0.00 | 0.00 |
| Mythology - Mixed/Any | 0 | 2 | 1 | 0 | 15 | 86 | 97.00 | 0 | 2 | 0.00 | 0.00 |
| Literature - European drama | 0 | 1 | 0 | 0 | 10 | 72 | 72.00 | 0 | 0 | 0.00 | 0.00 |
| Literature - British drama | 0 | 1 | 0 | 0 | 10 | 42 | 42.00 | 0 | 1 | 0.00 | 0.00 |
| Literature - European short fiction | 0 | 1 | 0 | 0 | 10 | 107 | 107.00 | 0 | 0 | 0.00 | 0.00 |
| Mythology - Egyptian | 0 | 1 | 0 | 0 | 10 | 52 | 52.00 | 1 | 1 | 0.00 | 0.00 |
| Religion - Buddhism | 0 | 1 | 0 | 1 | 10 | 136 | 136.00 | 0 | 0 | 0.00 | 0.00 |
| Religion - Hinduism | 0 | 1 | 0 | 0 | 10 | 96 | 96.00 | 0 | 1 | 0.00 | 0.00 |
| Science - Physics | 0 | 1 | 0 | 0 | 10 | 79 | 79.00 | 0 | 0 | 0.00 | 0.00 |
| Social Science - Linguistics | 0 | 1 | 0 | 0 | 10 | 125 | 125.00 | 0 | 0 | 0.00 | 0.00 |
| Social Science - Psychology | 0 | 1 | 0 | 0 | 10 | 99 | 99.00 | 0 | 0 | 0.00 | 0.00 |
| Art - Other | 0 | 1 | 1 | 0 | 5 | 134 | 134.00 | 0 | 0 | 0.00 | 0.00 |
| Mythology - East Asia | 0 | 1 | 1 | 0 | 5 | 89 | 89.00 | 0 | 1 | 0.00 | 0.00 |
| Science - Other/CL/Misc | 0 | 0 | 0 | 0 | 0 | | 0.00 | 0 | 0 | 0.00 | 0.00 |
| Art - Visual | 0 | 0 | 0 | 0 | 0 | | 0.00 | 0 | 0 | 0.00 | 0.00 |
| Philosophy - Enlightenment | 0 | 0 | 0 | 0 | 0 | | 0.00 | 0 | 0 | 0.00 | 0.00 |
| Literature - British short fiction | 0 | 0 | 1 | 0 | -5 | | 0.00 | 0 | 0 | 0.00 | 0.00 |
| Philosophy - Medieval | 0 | 0 | 1 | 0 | -5 | | 0.00 | 0 | 0 | 0.00 | 0.00 |
| Literature - World/Misc short fiction | 0 | 0 | 1 | 0 | -5 | | 0.00 | 0 | 0 | 0.00 | 0.00 |
| Mythology - Americas | 0 | 0 | 1 | 0 | -5 | | 0.00 | 0 | 0 | 0.00 | 0.00 |
| Other Academic/Cross-Category - Any | 0 | 0 | 1 | 0 | -5 | | 0.00 | 0 | 0 | 0.00 | 0.00 |